MARC

LEADER 00000nam0a2200000 4500
001 254159
005 20231101232918.0
020 |a RU  |b 89-41516 
035 |a (RuTPU)RU\TPU\book\276587 
090 |a 254159 
100 |a 20140319d1989 u a0rusy5003 ca 
101 0 |a rus 
102 |a RU 
105 |a a j 001zy 
200 1 |a Топливо. Материальный баланс процесса горения  |e учебное пособие для вузов  |f Н. М. Кузнецов, Е. А. Блинов, А. Н. Кузнецов  |g Северо-Западный заочный политехнический институт (СЗПИ) 
210 |a Ленинград  |c Изд-во СЗПИ  |d 1989 
215 |a 86 с.  |c ил.  |d 20 см 
320 |a Библиогр.: с. 66 (9 назв.). 
606 1 |a Топливо энергетическое  |2 stltpush  |3 (RuTPU)RU\TPU\subj\33091  |9 55427 
610 1 |a горение 
610 1 |a теплотехнический расчет 
610 1 |a материальный баланс 
610 1 |a тепловой баланс 
610 1 |a учебные пособия 
675 |a 662.614(075.8)  |z rus  |v 3 
700 1 |a Кузнецов  |b Н. М.  |g Николай Михайлович 
701 1 |a Блинов  |b Е. А.  |g Евгений Андреевич 
701 1 |a Кузнецов  |b А. Н.  |g Анатолий Николаевич 
712 0 2 |a Северо-Западный заочный политехнический институт (СЗПИ)  |c (Ленинград)  |2 stltpush  |3 (RuTPU)RU\TPU\col\2602 
801 0 |a RU  |b RuMRKP  |c 19950417  |g psbo 
801 1 |a RU  |b 63413507  |c 20140319 
801 2 |a RU  |b 63413507  |c 20160708  |g RCR 
942 |c BK